Deception Point (Record no. 324963)
[ view plain ]
| 000 -LEADER | |
|---|---|
| fixed length control field | 00317 a2200133 4500 |
| 001 - CONTROL NUMBER | |
| control field | 89890 |
| 003 - CONTROL NUMBER IDENTIFIER | |
| control field | NUST |
| 082 ## - DEWEY DECIMAL CLASSIFICATION NUMBER | |
| Classification number | 813.54 BRO |
| 100 ## - MAIN ENTRY--PERSONAL NAME | |
| Personal name | Brown Dan |
| 9 (RLIN) | 9885 |
| 245 ## - TITLE STATEMENT | |
| Title | Deception Point |
| Medium | English Novel |
| 260 ## - PUBLICATION, DISTRIBUTION, ETC. | |
| Place of publication, distribution, etc. | Great Britain |
| Name of publisher, distributor, etc. | Corgi Books |
| Date of publication, distribution, etc. | 2001 |
| 300 ## - PHYSICAL DESCRIPTION | |
| Extent | 604p. |
| 500 ## - GENERAL NOTE | |
| General note | General Books |
| 942 ## - ADDED ENTRY ELEMENTS (KOHA) | |
| Institution code [OBSOLETE] | CAE NUST |
| Koha item type | Book |
| Call number prefix | 813.54 BRO |
| Source of classification or shelving scheme | |
| Withdrawn status | Lost status | Damaged status | Not for loan | Collection code | Permanent Location | Current Location | Date acquired | Total Checkouts | Full call number | Barcode | Date last seen | Price effective from | Koha item type |
|---|---|---|---|---|---|---|---|---|---|---|---|---|---|
| College of Aeronautical Engineering (CAE) | College of Aeronautical Engineering (CAE) | 04/03/2017 | 813.54 BRO | CAE86725 | 04/05/2017 | 04/05/2017 | Book |
